[Event "Kreismeisterschaft Mittelfranken Mitte 2"]
[Site "Nuernberg"]
[Date "2026.01.04"]
[Round "4.7"]
[White "Hestermann, Hans-Ludwig"]
[Black "Lemba, Albert"]
[Result "0-1"]
[WhiteElo "1909"]
[BlackElo "1973"]
[PlyCount "62"]
[EventDate "2026.01.02"]
[WhiteTeam "Spvg Zabo-Eintracht NÃ¼rnberg e.V"]
[BlackTeam "SC Noris-Tarrasch NÃ¼rnberg 1873"]

1. d4 Nf6 2. Nf3 e6 3. c4 d5 4. Nc3 c6 5. cxd5 exd5 6. a3 Bd6 7. Bg5 h6 8. Bh4
Bf5 9. e3 Nbd7 10. Bd3 Bxd3 11. Qxd3 O-O 12. O-O g5 13. Bg3 Bxg3 14. fxg3 Qc7
15. Rad1 Ne4 16. Nd2 f5 17. Ndxe4 fxe4 18. Qe2 Kg7 19. Rxf8 Rxf8 20. Rf1 Rxf1+
21. Kxf1 Nb6 22. Ke1 Nc4 23. Nd1 b6 24. Nc3 b5 25. Nd1 b4 26. a4 b3 27. Nc3 Kg6
28. Kf2 h5 29. g4 Qf7+ 30. Kg3 hxg4 31. Kxg4 Qh7 0-1

[Event "Kreismeisterschaft Mittelfranken Mitte 2"]
[Site "Nuernberg"]
[Date "2026.01.04"]
[Round "4.8"]
[White "Fridlin, Daniel"]
[Black "Himonakis, Michael"]
[Result "0-1"]
[WhiteElo "1701"]
[BlackElo "1916"]
[PlyCount "58"]
[EventDate "2026.01.02"]
[WhiteTeam "SC Noris-Tarrasch NÃ¼rnberg 1873"]
[BlackTeam "SC Noris-Tarrasch NÃ¼rnberg 1873"]

1. e4 c5 2. Nf3 d6 3. d4 cxd4 4. Nxd4 Nf6 5. Nc3 a6 6. Be3 e5 7. Nb3 Be7 8. f3
Be6 9. Qd2 h5 10. O-O-O Nbd7 11. Nd5 Nxd5 12. exd5 Bf5 13. Bd3 Bxd3 14. Qxd3
Bg5 15. g4 hxg4 16. fxg4 Rh3 17. Bxg5 Qxg5+ 18. Qd2 Qxd2+ 19. Nxd2 Ke7 20. Ne4
Rah8 21. Rd2 f6 22. b3 b5 23. Kb2 R8h4 24. Kc1 Nf8 25. Rg2 Kd7 26. Kd2 Ng6 27.
Nf2 Rf3 28. Nd3 a5 29. Ke2 Rxd3 0-1

[Event "Kreismeisterschaft Mittelfranken Mitte 2"]
[Site "Nuernberg"]
[Date "2026.01.04"]
[Round "4.10"]
[White "Hanek, Erik"]
[Black "Pohl, Steffen"]
[Result "0-1"]
[WhiteElo "1856"]
[BlackElo "1941"]
[PlyCount "64"]
[EventDate "2026.01.02"]
[WhiteTeam "SC Schwarz-WeiÃŸ NÃ¼rnberg SÃ¼d e.V"]
[BlackTeam "SC JÃ„KLECHEMIE Talente Franken e"]

1. e4 e5 2. Nf3 Nc6 3. Bc4 Nf6 4. d3 h6 5. O-O d6 6. c3 g5 7. b4 g4 8. Ne1 Bg7
9. Qb3 Qe7 10. a4 Be6 11. Na3 h5 12. Nec2 Nh7 13. Ne3 Qd7 14. a5 Ne7 15. Bd2
O-O 16. f4 exf4 17. Rxf4 Ng6 18. Rf2 Ne5 19. Raf1 c6 20. Nf5 Nxd3 21. Re2 Ne5
22. Re3 b5 23. axb6 axb6 24. Bxe6 fxe6 25. Nc2 Kh8 26. Nfd4 Rxf1+ 27. Kxf1 Rf8+
28. Kg1 Qf7 29. h3 Qf2+ 30. Kh2 Nf3+ 31. Nxf3 gxf3 32. Ne1 Be5+ 0-1

[Event "Kreismeisterschaft Mittelfranken Mitte 2"]
[Site "Nuernberg"]
[Date "2026.01.04"]
[Round "4.11"]
[White "Llugiq, Bajram"]
[Black "Heemann, Jonas"]
[Result "0-1"]
[WhiteElo "1914"]
[BlackElo "1627"]
[PlyCount "58"]
[EventDate "2026.01.02"]
[WhiteTeam "SC Schwarz-WeiÃŸ NÃ¼rnberg SÃ¼d e.V"]
[BlackTeam "SK NÃ¼rnberg 1911 e.V."]

1. d4 Nf6 2. Nf3 d6 3. c4 g6 4. Nc3 Bg7 5. Bd2 Bf5 6. Nh4 Qc8 7. Qb3 b6 8. g3
Bh3 9. f4 Qb7 10. d5 Bxf1 11. Rxf1 Nbd7 12. Nf3 Nc5 13. Qc2 c6 14. e4 Rc8 15.
b4 Ncxe4 16. Nxe4 Nxe4 17. Qxe4 Bxa1 18. Kf2 Bg7 19. Re1 cxd5 20. cxd5 Rc7 21.
f5 Qc8 22. g4 O-O 23. h4 Re8 24. h5 Rc4 25. Qd3 Rxg4 26. fxg6 fxg6 27. hxg6
Rxg6 28. Rh1 Rf8 29. Ke1 Qf5 0-1

[Event "Kreismeisterschaft Mittelfranken Mitte 2"]
[Site "Nuernberg"]
[Date "2026.01.04"]
[Round "4.12"]
[White "Redzepovic, Irfan"]
[Black "Becker, Christian"]
[Result "1-0"]
[WhiteElo "1992"]
[BlackElo "1788"]
[PlyCount "41"]
[EventDate "2026.01.02"]
[WhiteTeam "SC Schwarz-WeiÃŸ NÃ¼rnberg SÃ¼d e.V"]
[BlackTeam "SC Schwarz-WeiÃŸ NÃ¼rnberg SÃ¼d e.V"]

1. d4 Nf6 2. Nf3 e6 3. c4 d5 4. e3 c6 5. b3 Be7 6. Bd3 O-O 7. O-O Nbd7 8. Bb2
b6 9. Nbd2 Bb7 10. Qe2 Re8 11. Rfd1 Qc7 12. Rac1 Rad8 13. cxd5 exd5 14. Nh4 Qb8
15. f4 Bf8 16. Qf3 a5 17. g4 g6 18. g5 Nh5 19. Nf1 f5 20. Nxf5 Ng7 21. Nh6+ 1-0

[Event "Kreismeisterschaft Mittelfranken Mitte 2"]
[Site "Nuernberg"]
[Date "2026.01.04"]
[Round "4.14"]
[White "Mueller, Gerhard"]
[Black "Seibold, Hubert"]
[Result "0-1"]
[WhiteElo "1750"]
[BlackElo "2034"]
[PlyCount "116"]
[EventDate "2026.01.02"]
[WhiteTeam "SC Schwarz-WeiÃŸ NÃ¼rnberg SÃ¼d e.V"]
[BlackTeam "SK Zirndorf e.V."]

1. d4 d5 2. Nf3 Nf6 3. c4 c6 4. Nc3 dxc4 5. e4 b5 6. g3 e6 7. a3 Bb7 8. Bg2 Be7
9. O-O O-O 10. e5 Nd5 11. Ne4 Nd7 12. Bg5 f6 13. exf6 N7xf6 14. Nxf6+ Bxf6 15.
Qd2 a5 16. Rfe1 Bc8 17. Re5 Qe8 18. Bxf6 gxf6 19. Re4 Kh8 20. Rae1 b4 21. axb4
axb4 22. Nh4 Qf7 23. Qc2 c3 24. bxc3 Nxc3 25. R4e3 Nd5 26. R3e2 Bd7 27. Qc5
Rfb8 28. Be4 b3 29. Nf3 Rb5 30. Qc4 Rab8 31. Rb2 Rb4 32. Qc1 Qh5 33. Qc5 Qe8
34. Qc1 Qe7 35. Bd3 Nb6 36. Re4 Na4 37. Rb1 b2 38. Qh6 Qg7 39. Rh4 Qxh6 40.
Rxh6 f5 41. Ng5 Rxd4 42. Rxh7+ Kg8 43. Rh4 Rxh4 44. gxh4 Nc3 45. Re1 b1=Q 46.
Bxb1 Rxb1 47. Kf1 Rxe1+ 48. Kxe1 c5 49. Kd2 Ne4+ 50. Ke3 Nxg5 51. hxg5 e5 52.
h4 Be8 53. Kd3 Bf7 54. h5 Bxh5 55. Kc4 Kf7 56. Kd5 e4 57. Kxc5 Kg6 58. Kd4 Kxg5
0-1

[Event "Kreismeisterschaft Mittelfranken Mitte 2"]
[Site "Nuernberg"]
[Date "2026.01.04"]
[Round "4.15"]
[White "Vogiatzis, Dimitrios"]
[Black "Meyer, Stefan"]
[Result "1-0"]
[WhiteElo "1949"]
[BlackElo "1708"]
[PlyCount "39"]
[EventDate "2026.01.02"]
[WhiteTeam "SC Noris-Tarrasch NÃ¼rnberg 1873"]
[BlackTeam "SC Noris-Tarrasch NÃ¼rnberg 1873"]

1. e4 c5 2. b4 cxb4 3. a3 d5 4. exd5 Qxd5 5. Nf3 Bg4 6. axb4 e6 7. Nc3 Qd8 8.
h3 Bh5 9. Qe2 Nf6 10. b5 Be7 11. Bb2 O-O 12. g3 Qb6 13. Bg2 Nc6 14. Na4 Nd4 15.
Nxb6 Nxe2 16. Nxa8 Nxg3 17. fxg3 Rxa8 18. Ne5 Nd5 19. O-O Bf6 20. c4 1-0

[Event "Kreismeisterschaft Mittelfranken Mitte 2"]
[Site "Nuernberg"]
[Date "2026.01.04"]
[Round "4.16"]
[White "Holzmann, Alisa"]
[Black "Werner, Norbert"]
[Result "1/2-1/2"]
[WhiteElo "1512"]
[BlackElo "1875"]
[PlyCount "58"]
[EventDate "2026.01.02"]
[WhiteTeam "SC JÃ„KLECHEMIE Talente Franken e"]
[BlackTeam "SC Schwarz-WeiÃŸ NÃ¼rnberg SÃ¼d e.V"]

1. e4 c6 2. d4 d5 3. exd5 cxd5 4. Bd3 Nc6 5. c3 Nf6 6. h3 e6 7. Bg5 h6 8. Bf4
Bd6 9. Be3 O-O 10. Nf3 e5 11. dxe5 Nxe5 12. Nxe5 Bxe5 13. O-O Ne4 14. Nd2 f5
15. Nf3 Bc7 16. Bxe4 dxe4 17. Qxd8 Rxd8 18. Nd4 f4 19. Bd2 Be5 20. Rfe1 Bxd4
21. cxd4 Rxd4 22. Bxf4 Bf5 23. Rac1 Rd7 24. Rc5 Bg6 25. Rec1 Bf7 26. a3 Rad8
27. Rc7 Bd5 28. Rxd7 Rxd7 29. Rc7 Rxc7 1/2-1/2

[Event "Kreismeisterschaft Mittelfranken Mitte 2"]
[Site "Nuernberg"]
[Date "2026.01.04"]
[Round "4.18"]
[White "Suess, Helmut"]
[Black "Scheitler, Wolfgang"]
[Result "1-0"]
[WhiteElo "1868"]
[BlackElo "1699"]
[PlyCount "49"]
[EventDate "2026.01.02"]
[WhiteTeam "SC Noris-Tarrasch NÃ¼rnberg 1873"]
[BlackTeam "SC Schwarz-WeiÃŸ NÃ¼rnberg SÃ¼d e.V"]

1. d4 Nf6 2. Bf4 d5 3. e3 Bf5 4. Nf3 e6 5. c3 c5 6. Bxb8 Bxb1 7. Rxb1 Qxb8 8.
Qa4+ Kd8 9. Ne5 Qc7 10. Be2 Bd6 11. f4 a6 12. O-O Ke7 13. Bf3 b5 14. Qd1 c4 15.
Qe1 Nd7 16. Qg3 Rag8 17. e4 f6 18. exd5 fxe5 19. fxe5 Nxe5 20. Qg5+ Ke8 21.
dxe5 Bxe5 22. Rbe1 Bxh2+ 23. Kh1 Bf4 24. Rxe6+ Kf8 25. Bh5 1-0

[Event "Kreismeisterschaft Mittelfranken Mitte 2"]
[Site "Nuernberg"]
[Date "2026.01.04"]
[Round "4.20"]
[White "Nuesslein, Christian Thomas"]
[Black "Atturi, Sathwik Reddy"]
[Result "1/2-1/2"]
[WhiteElo "1791"]
[BlackElo "1696"]
[PlyCount "74"]
[EventDate "2026.01.02"]
[WhiteTeam "SC Anderssen NÃ¼rnberg 1929 e.V."]
[BlackTeam "Spvg Zabo-Eintracht NÃ¼rnberg e.V"]

1. b4 d5 2. Bb2 Bf5 3. e3 Nf6 4. c4 e6 5. b5 c6 6. a4 cxb5 7. cxd5 Nxd5 8.
Bxb5+ Nd7 9. Nf3 N5f6 10. Ne5 a6 11. Bxd7+ Nxd7 12. Qf3 Nxe5 13. Bxe5 Qd7 14.
e4 Bg6 15. O-O f6 16. Bg3 e5 17. Qe2 Bc5 18. d3 O-O 19. Kh1 Rad8 20. Rd1 Rfe8
21. f3 Bf7 22. Qc2 Rc8 23. Qe2 Rc6 24. Nd2 b5 25. axb5 axb5 26. Rab1 Rd6 27.
Nb3 Bb6 28. h3 Rd8 29. Nc1 Bc4 30. Qb2 Bxd3 31. Nxd3 Rxd3 32. Rxd3 Qxd3 33.
Qxb5 Qxb5 34. Rxb5 Rd1+ 35. Kh2 Bg1+ 36. Kh1 Be3+ 37. Kh2 Bg1+ 1/2-1/2

[Event "Kreismeisterschaft Mittelfranken Mitte 2"]
[Site "Nuernberg"]
[Date "2026.01.04"]
[Round "4.21"]
[White "Wenta, Theodor"]
[Black "Poerzgen, Michael"]
[Result "0-1"]
[WhiteElo "1633"]
[BlackElo "1833"]
[PlyCount "98"]
[EventDate "2026.01.02"]
[WhiteTeam "SC Schwarz-WeiÃŸ NÃ¼rnberg SÃ¼d e.V"]
[BlackTeam "SC Schwarz-WeiÃŸ NÃ¼rnberg SÃ¼d e.V"]

1. d4 d5 2. c4 e6 3. Nf3 Nf6 4. Bg5 Be7 5. Nc3 h6 6. Bh4 O-O 7. e3 b6 8. Bd3
dxc4 9. Bxc4 Bb7 10. O-O Nbd7 11. h3 Ne4 12. Bxe7 Qxe7 13. a3 Ndf6 14. Nxe4
Nxe4 15. Nd2 Nf6 16. Be2 Rac8 17. Bf3 c5 18. Bxb7 Qxb7 19. dxc5 Rxc5 20. Qf3
Qc7 21. Ne4 Nxe4 22. Qxe4 Rc2 23. b4 Rc8 24. Rfd1 Qc3 25. Qd3 Qf6 26. Qf1 Qb2
27. Rdb1 Qc3 28. Rd1 g6 29. Qd3 Qf6 30. Qf1 b5 31. Rac1 Qb2 32. Rxc2 Rxc2 33.
Rb1 Qxa3 34. Qxb5 Qa2 35. Rf1 Rb2 36. Qb8+ Kh7 37. Qf4 e5 38. Qxe5 Rxb4 39. Ra1
Rb1+ 40. Rxb1 Qxb1+ 41. Kh2 Qa2 42. f4 Qe6 43. Qd4 a5 44. e4 h5 45. Qd5 Qxd5
46. exd5 Kg7 47. g4 a4 48. f5 a3 49. d6 Kf8 0-1

[Event "Kreismeisterschaft Mittelfranken Mitte 2"]
[Site "Nuernberg"]
[Date "2026.01.04"]
[Round "4.22"]
[White "Yanpala, Oguz Faruk"]
[Black "Nesmjanowitsch, Julia"]
[Result "1-0"]
[WhiteElo "1624"]
[BlackElo "1660"]
[PlyCount "86"]
[EventDate "2026.01.02"]
[WhiteTeam "SC JÃ„KLECHEMIE Talente Franken e"]
[BlackTeam "SC JÃ„KLECHEMIE Talente Franken e"]

1. e4 e5 2. Nf3 Nc6 3. Bc4 Bc5 4. d3 Nf6 5. O-O d5 6. exd5 Nxd5 7. Bg5 f6 8.
Bh4 Qd6 9. Nbd2 Bg4 10. Ne4 Qe7 11. Bxd5 Nd4 12. Ned2 O-O-O 13. Bc4 g5 14. Bg3
Nf5 15. Ne4 Nxg3 16. Nxg3 h5 17. h3 h4 18. Ne4 Bf5 19. Nxc5 Qxc5 20. Qe2 g4 21.
hxg4 Bxg4 22. Qe3 Qc6 23. b4 h3 24. b5 Qd6 25. g3 Qd7 26. Kh2 Qf5 27. Nd2 Kb8
28. a4 Qd7 29. a5 f5 30. a6 f4 31. Qe4 c6 32. Qxe5+ Qd6 33. Qxd6+ Rxd6 34. axb7
cxb5 35. Bxb5 Be2 36. Rfe1 fxg3+ 37. fxg3 Bh5 38. Ne4 Rb6 39. Rab1 Rf8 40. Bd7
Rg6 41. Bc8 Rc6 42. c3 Rd8 43. d4 Bg6 1-0

[Event "Kreismeisterschaft Mittelfranken Mitte 2"]
[Site "Nuernberg"]
[Date "2026.01.04"]
[Round "4.23"]
[White "Barnowski, Roman"]
[Black "Martick, Ralph"]
[Result "1/2-1/2"]
[WhiteElo "1730"]
[BlackElo "1767"]
[PlyCount "46"]
[EventDate "2026.01.02"]
[WhiteTeam "SC Schwarz-WeiÃŸ NÃ¼rnberg SÃ¼d e.V"]
[BlackTeam "SV Postbauer e.V."]

1. Nf3 c5 2. c4 g6 3. Nc3 Bg7 4. g3 e6 5. Bg2 Ne7 6. O-O O-O 7. Qc2 Nbc6 8. a3
Rb8 9. e3 a6 10. Rb1 b5 11. cxb5 axb5 12. b4 c4 13. d3 cxd3 14. Qxd3 d5 15. Bb2
Qb6 16. Ne2 Bxb2 17. Rxb2 Nf5 18. e4 dxe4 19. Qxe4 Nd6 20. Qe3 Qxe3 21. fxe3
Nc4 22. Rb3 Rd8 23. Rc1 Ba6 1/2-1/2

[Event "Kreismeisterschaft Mittelfranken Mitte 2"]
[Site "Nuernberg"]
[Date "2026.01.04"]
[Round "4.24"]
[White "Babichev, Vyacheslav"]
[Black "Klinger, Klaus"]
[Result "1-0"]
[WhiteElo "1798"]
[BlackElo "1774"]
[PlyCount "147"]
[EventDate "2026.01.02"]
[WhiteTeam "SC Schwarz-WeiÃŸ NÃ¼rnberg SÃ¼d e.V"]
[BlackTeam "Spvg Zabo-Eintracht NÃ¼rnberg e.V"]

1. b3 c5 2. Bb2 Nc6 3. e3 e5 4. Bb5 a6 5. Bxc6 dxc6 6. Bxe5 Qd5 7. Nf3 Bg4 8.
Nc3 Qxe5 9. Nxe5 Bxd1 10. Nxd1 Nf6 11. d3 Bd6 12. Nc4 Bc7 13. O-O b5 14. Nd2
O-O-O 15. Nf3 Ng4 16. h3 Ne5 17. Ne1 b4 18. f4 Ng6 19. Nf3 f6 20. Nf2 Rhe8 21.
Rfe1 Ne7 22. Ne4 Bb6 23. Ned2 Nd5 24. Nc4 Bc7 25. g3 h6 26. Kg2 f5 27. Nh4 Ne7
28. Nf3 Nd5 29. a4 a5 30. Nfe5 Re6 31. h4 Rde8 32. d4 cxd4 33. exd4 g5 34. hxg5
hxg5 35. fxg5 Nc3 36. Nf3 Ne2 37. Nfe5 Nxd4 38. Nf3 Nxc2 39. Rxe6 Rxe6 40. Rf1
Rg6 41. Rf2 Na3 42. Nxa3 bxa3 43. Ra2 Bd6 44. Kh3 Rg8 45. Kg2 Kc7 46. Kh3 Bb4
47. g4 f4 48. Re2 Kd6 49. Rc2 Kd5 50. Kg2 Bc5 51. Rd2+ Ke4 52. Ra2 Bf8 53. Kf2
Bb4 54. Ke2 Rd8 55. g6 Be7 56. Rd2 Bf6 57. Rxd8 a2 58. Nd2+ Ke5 59. Nc4+ Ke6
60. Rd1 a1=Q 61. Rxa1 Bxa1 62. Nxa5 c5 63. Kf3 Kf6 64. Kxf4 Kxg6 65. g5 Bc3 66.
Nc4 Kg7 67. Kf5 Be1 68. g6 Bh4 69. a5 Bg3 70. a6 Bb8 71. Na5 Ba7 72. Nc6 c4 73.
bxc4 Bc5 74. a7 1-0

[Event "Kreismeisterschaft Mittelfranken Mitte 2"]
[Site "Nuernberg"]
[Date "2026.01.04"]
[Round "4.26"]
[White "Naegelein, Louis"]
[Black "Thoma, Dirk"]
[Result "1/2-1/2"]
[WhiteElo "1692"]
[BlackElo "1753"]
[PlyCount "85"]
[EventDate "2026.01.02"]
[WhiteTeam "SV Postbauer e.V."]
[BlackTeam "SC Noris-Tarrasch NÃ¼rnberg 1873"]

1. e4 c5 2. d4 cxd4 3. c3 d5 4. cxd4 Nc6 5. Bb5 a6 6. Bxc6+ bxc6 7. Nc3 e6 8.
Nf3 Bb4 9. e5 Qa5 10. Qc2 Bxc3+ 11. Qxc3 Qxc3+ 12. bxc3 Rb8 13. Ba3 Bd7 14. O-O
Ne7 15. Rab1 Rb5 16. Bc5 Ng6 17. g3 f6 18. Rxb5 axb5 19. Re1 Kf7 20. h4 Ra8 21.
a3 h6 22. h5 Ne7 23. Nh4 g5 24. hxg6+ Nxg6 25. Nxg6 Kxg6 26. Kg2 f5 27. Kf3 h5
28. Kf4 Rg8 29. f3 Kh6 30. Rh1 Be8 31. Rh4 Kh7 32. g4 fxg4 33. fxg4 Rxg4+ 34.
Rxg4 hxg4 35. Kxg4 Bg6 36. Kg5 Kg7 37. Kf4 Kh6 38. Ke3 Kg5 39. Kd2 Kf4 40. Kc1
Bd3 41. Kd2 Bc4 42. Ke1 Ke3 43. Bb4 1/2-1/2

[Event "Kreismeisterschaft Mittelfranken Mitte 2"]
[Site "Nuernberg"]
[Date "2026.01.04"]
[Round "5.1"]
[White "Kanewski, Josef"]
[Black "Adeluette, Dennis"]
[Result "0-1"]
[WhiteElo "1972"]
[BlackElo "2103"]
[PlyCount "64"]
[EventDate "2026.01.02"]
[WhiteTeam "SC Schwarz-WeiÃŸ NÃ¼rnberg SÃ¼d e.V"]
[BlackTeam "SC JÃ„KLECHEMIE Talente Franken e"]

1. d4 d5 2. c4 c6 3. Nf3 Nf6 4. cxd5 cxd5 5. Nc3 Nc6 6. Bf4 a6 7. e3 Bg4 8. Be2
e6 9. h3 Bxf3 10. Bxf3 Bd6 11. Bxd6 Qxd6 12. a3 b5 13. O-O O-O 14. b4 Rac8 15.
Qb3 Nd7 16. Rab1 f5 17. a4 bxa4 18. Nxa4 Rb8 19. Nc5 Rxb4 20. Qa3 Nxc5 21. dxc5
Qxc5 22. Rbc1 Qa5 23. Qxa5 Nxa5 24. Ra1 Nc4 25. Rxa6 Kf7 26. Ra7+ Kf6 27. Rfa1
Rfb8 28. g3 Rb1+ 29. Kg2 Nxe3+ 30. fxe3 R8b2+ 31. Be2 Rxe2+ 32. Kf3 Rbb2 0-1

[Event "Kreismeisterschaft Mittelfranken Mitte 2"]
[Site "Nuernberg"]
[Date "2026.01.04"]
[Round "5.2"]
[White "Papst, Arthur"]
[Black "Ramonat, Valentin"]
[Result "1-0"]
[WhiteElo "1772"]
[BlackElo "1748"]
[PlyCount "81"]
[EventDate "2026.01.02"]
[WhiteTeam "SK NÃ¼rnberg 1911 e.V."]
[BlackTeam "SC Schwarz-WeiÃŸ NÃ¼rnberg SÃ¼d e.V"]

1. e4 c5 2. Nf3 Nc6 3. Bb5 g6 4. O-O Bg7 5. Bxc6 bxc6 6. e5 d6 7. Re1 dxe5 8.
Nxe5 Qd5 9. c4 Qd6 10. Qe2 Be6 11. d3 Rc8 12. Nc3 f6 13. Nf3 Bf5 14. Ne4 Bxe4
15. dxe4 e5 16. Be3 Nh6 17. Rad1 Qe7 18. Qd2 Rd8 19. Qxd8+ Qxd8 20. Rxd8+ Kxd8
21. Bxc5 a6 22. Rd1+ Kc7 23. b3 Nf7 24. Ne1 Rd8 25. Rxd8 Kxd8 26. Nd3 Kc7 27.
Be3 Bf8 28. Kf1 Nd8 29. Ke2 Ne6 30. b4 c5 31. bxc5 a5 32. Kd2 Kc6 33. Kc3 h5
34. f3 Be7 35. Kb3 g5 36. Ka4 Bd8 37. Bd2 Nxc5+ 38. Nxc5 Kxc5 39. Bxa5 Bxa5 40.
Kxa5 g4 41. a4 1-0

[Event "Kreismeisterschaft Mittelfranken Mitte 2"]
[Site "Nuernberg"]
[Date "2026.01.04"]
[Round "5.3"]
[White "Lemba, Albert"]
[Black "Mueller, Tim"]
[Result "1-0"]
[WhiteElo "1973"]
[BlackElo "1713"]
[PlyCount "119"]
[EventDate "2026.01.02"]
[WhiteTeam "SC Noris-Tarrasch NÃ¼rnberg 1873"]
[BlackTeam "SC Noris-Tarrasch NÃ¼rnberg 1873"]

1. e4 e5 2. Nf3 Nc6 3. Bc4 Nf6 4. d3 Bc5 5. c3 d6 6. b4 Bb6 7. a4 a5 8. b5 Ne7
9. O-O Ng6 10. Nbd2 O-O 11. d4 Nxe4 12. Nxe4 d5 13. Bg5 f6 14. dxe5 Be6 15.
exf6 gxf6 16. Nxf6+ Rxf6 17. Bxf6 Qxf6 18. Bxd5 Bxd5 19. Qxd5+ Kh8 20. Rad1 Rg8
21. Qg5 Qxg5 22. Nxg5 Nf4 23. Nf7+ Kg7 24. Ne5 Kh6 25. Kh1 Rxg2 26. Nd3 Rg4 27.
f3 Rh4 28. Nxf4 Rxf4 29. Ra1 Kg5 30. Kg2 Bc5 31. Rfe1 Rc4 32. Rac1 Bd6 33. Re4
Rc5 34. c4 b6 35. Rd1 h5 36. Rd5+ Rxd5 37. cxd5 Kf5 38. h4 Be5 39. Kh3 Bd6 40.
Re6 Bf4 41. Re8 Be5 42. Rf8+ Kg6 43. Rg8+ Kh6 44. Rg5 Bf4 45. Rf5 Bd6 46. f4
Be7 47. Kg3 Kg6 48. Rg5+ Kh6 49. Re5 Bd6 50. Re6+ Kg7 51. Kf3 Bb4 52. Ke4 Be1
53. Re7+ Kf8 54. Rxc7 Bxh4 55. Rh7 Be7 56. Rxh5 Bc5 57. Ke5 Ke7 58. Rh7+ Kd8
59. Ke6 Bf8 60. Rh8 1-0

[Event "Kreismeisterschaft Mittelfranken Mitte 2"]
[Site "Nuernberg"]
[Date "2026.01.04"]
[Round "5.4"]
[White "Levent, Abdullah"]
[Black "Erlbeck, Peter"]
[Result "1-0"]
[WhiteElo "1710"]
[BlackElo "2019"]
[PlyCount "73"]
[EventDate "2026.01.02"]
[WhiteTeam "SC Noris-Tarrasch NÃ¼rnberg 1873"]
[BlackTeam "SC Schwarz-WeiÃŸ NÃ¼rnberg SÃ¼d e.V"]

1. e4 c5 2. Nf3 Nc6 3. d4 cxd4 4. Nxd4 Nf6 5. Nc3 e6 6. Ndb5 d6 7. Bf4 e5 8.
Bg5 a6 9. Bxf6 gxf6 10. Na3 b5 11. Nd5 f5 12. Bd3 Be6 13. O-O Bg7 14. c4 bxc4
15. Nxc4 O-O 16. Nde3 f4 17. Nd5 Nd4 18. Qh5 Bxd5 19. exd5 f5 20. Nd2 Rf6 21.
Nb3 Rh6 22. Qd1 Qh4 23. h3 f3 24. Nxd4 fxg2 25. Nxf5 Qxh3 26. Nxh6+ Bxh6 27. f4
Qh1+ 28. Kf2 gxf1=Q+ 29. Qxf1 Qh4+ 30. Ke2 exf4 31. Qg2+ Kf8 32. Rg1 Qh5+ 33.
Kf2 Re8 34. Qg8+ Ke7 35. Qe6+ Kd8 36. Qxd6+ Kc8 37. Bxa6# 1-0

[Event "Kreismeisterschaft Mittelfranken Mitte 2"]
[Site "Nuernberg"]
[Date "2026.01.04"]
[Round "5.5"]
[White "Himonakis, Michael"]
[Black "Ahlich, Thomas"]
[Result "1/2-1/2"]
[WhiteElo "1916"]
[BlackElo "1942"]
[PlyCount "64"]
[EventDate "2026.01.02"]
[WhiteTeam "SC Noris-Tarrasch NÃ¼rnberg 1873"]
[BlackTeam "Spvg Zabo-Eintracht NÃ¼rnberg e.V"]

1. e4 e5 2. Nf3 Nc6 3. Bb5 a6 4. Ba4 Nf6 5. O-O Be7 6. Re1 b5 7. Bb3 O-O 8. h3
d6 9. c3 Re8 10. a4 Na5 11. Bc2 Bd7 12. d4 exd4 13. cxd4 Nc6 14. Bd2 Rb8 15.
axb5 axb5 16. Nc3 Nb4 17. Bb1 c5 18. Ne2 Nc6 19. d5 Ne5 20. Nxe5 dxe5 21. b3
Qb6 22. Be3 Qc7 23. Qd2 Rec8 24. Rc1 c4 25. Ra7 Qd6 26. Qa2 Qb4 27. bxc4 Rxc4
28. Bd2 Rxc1+ 29. Nxc1 Qc4 30. Qb3 h6 31. Bd3 Qc5 32. Be3 Qb4 1/2-1/2

[Event "Kreismeisterschaft Mittelfranken Mitte 2"]
[Site "Nuernberg"]
[Date "2026.01.04"]
[Round "5.6"]
[White "Heemann, Jonas"]
[Black "Pohl, Steffen"]
[Result "1-0"]
[WhiteElo "1627"]
[BlackElo "1941"]
[PlyCount "59"]
[EventDate "2026.01.02"]
[WhiteTeam "SK NÃ¼rnberg 1911 e.V."]
[BlackTeam "SC JÃ„KLECHEMIE Talente Franken e"]

1. e4 e5 2. Bc4 Nf6 3. d3 c6 4. Nf3 d5 5. exd5 cxd5 6. Bb3 Nc6 7. O-O Be7 8. h3
O-O 9. Re1 Bb4 10. c3 Bd6 11. Bg5 Bc7 12. Nbd2 Bf5 13. Nf1 d4 14. Ng3 Bg6 15.
Ne4 Re8 16. Bxf6 gxf6 17. cxd4 exd4 18. Rc1 Rc8 19. Ba4 Bb8 20. Qb3 Bxe4 21.
dxe4 Re7 22. Qd3 Qd6 23. Bxc6 Rxc6 24. Rxc6 Qxc6 25. Qxd4 Rd7 26. Qc3 Qd6 27.
e5 fxe5 28. Rxe5 Qd1+ 29. Re1 Rd8 30. Rxd1 1-0

[Event "Kreismeisterschaft Mittelfranken Mitte 2"]
[Site "Nuernberg"]
[Date "2026.01.04"]
[Round "5.7"]
[White "Duong, Ba Duc"]
[Black "Redzepovic, Irfan"]
[Result "1/2-1/2"]
[WhiteElo "1829"]
[BlackElo "1992"]
[PlyCount "124"]
[EventDate "2026.01.02"]
[WhiteTeam "SK NÃ¼rnberg 1911 e.V."]
[BlackTeam "SC Schwarz-WeiÃŸ NÃ¼rnberg SÃ¼d e.V"]

1. e4 e5 2. Nf3 Nc6 3. d4 exd4 4. Nxd4 Nf6 5. Nc3 Bb4 6. Nxc6 bxc6 7. Bd3 d5 8.
exd5 O-O 9. O-O cxd5 10. Bg5 c6 11. Qf3 Rb8 12. Ne2 Be7 13. Nd4 Rb6 14. Nf5
Bxf5 15. Qxf5 g6 16. Qe5 c5 17. Rfe1 Re6 18. Qc3 c4 19. Bf1 Qb6 20. Be3 Qb8 21.
Qd4 Re4 22. Qxa7 Qxb2 23. f3 Re6 24. Bd4 Qb8 25. Qxb8 Rxb8 26. Rxe6 fxe6 27.
Re1 Kf7 28. g3 Ra8 29. Bh3 Ra6 30. a4 Nd7 31. Kg2 Bf6 32. c3 Bxd4 33. cxd4 Nf8
34. Ra1 c3 35. Kf2 c2 36. Rc1 Rxa4 37. Rxc2 Rxd4 38. Ke3 Rb4 39. f4 Ke7 40. Kd3
Kd6 41. Re2 h5 42. Ra2 h4 43. Ra6+ Ke7 44. Kc2 Re4 45. Kd2 Nd7 46. Rc6 Nf8 47.
Ra6 Rb4 48. Kc2 Rc4+ 49. Kd2 hxg3 50. hxg3 Rb4 51. Kc2 Re4 52. Kd2 Nd7 53. Rc6
Nf6 54. Rc7+ Kd6 55. Rg7 Ne8 56. Rxg6 Ke7 57. Kd3 Nf6 58. Bg2 Re1 59. Bf3 Nd7
60. Kd2 Ra1 61. f5 Ra2+ 62. Kc1 Nf6 1/2-1/2

[Event "Kreismeisterschaft Mittelfranken Mitte 2"]
[Site "Nuernberg"]
[Date "2026.01.04"]
[Round "5.8"]
[White "Seibold, Hubert"]
[Black "Waschner, Chili"]
[Result "1-0"]
[WhiteElo "2034"]
[BlackElo "1883"]
[PlyCount "143"]
[EventDate "2026.01.02"]
[WhiteTeam "SK Zirndorf e.V."]
[BlackTeam "Spvg Zabo-Eintracht NÃ¼rnberg e.V"]

1. Nf3 c6 2. d4 Nf6 3. c4 d5 4. Nc3 e6 5. Bg5 h6 6. Bxf6 Qxf6 7. e3 Nd7 8. Bd3
dxc4 9. Bxc4 g6 10. O-O Bg7 11. Rc1 O-O 12. Qe2 b6 13. Rfd1 Bb7 14. Ba6 Rab8
15. Bxb7 Rxb7 16. Ne4 Qe7 17. Rxc6 Nf6 18. Nxf6+ Bxf6 19. Rdc1 Rd8 20. Qc2 Rdd7
21. h3 Kg7 22. a3 Kh7 23. Qe4 Rd5 24. Qc2 Rdd7 25. b4 Kg7 26. Qb3 Rbc7 27. b5
Rb7 28. Ne1 Rdc7 29. Nd3 Rxc6 30. bxc6 Rc7 31. a4 Qd6 32. Qc4 Qa3 33. e4 Kh7
34. d5 exd5 35. exd5 Be7 36. Re1 Bd6 37. g3 h5 38. Kg2 Rc8 39. Re3 Qa1 40. Re2
Qf6 41. Qe4 Rc7 42. Ne5 Re7 43. Nd7 Qg5 44. Qf3 Rxe2 45. Qxe2 Qxd5+ 46. Qf3 Qe6
47. Nf6+ Kg7 48. Nd5 Qe5 49. Qc3 Qxc3 50. Nxc3 Kf8 51. Nb5 Ke7 52. Nxa7 Kd8 53.
Nb5 Bc7 54. Kf3 f5 55. Ke3 Be5 56. Kd3 Ke7 57. Kc4 Ke6 58. Kd3 Bf6 59. h4 Be5
60. Kc4 f4 61. gxf4 Bxf4 62. c7 Kd7 63. Kd5 g5 64. hxg5 Bxg5 65. Ke4 h4 66. Kf3
Bf6 67. Kg4 Be7 68. f4 Bf6 69. f5 Be7 70. Nc3 Bd6 71. Nd5 Bg3 72. f6 1-0

[Event "Kreismeisterschaft Mittelfranken Mitte 2"]
[Site "Nuernberg"]
[Date "2026.01.04"]
[Round "5.9"]
[White "Civas, Ege Noyan"]
[Black "Suess, Helmut"]
[Result "1-0"]
[WhiteElo "1847"]
[BlackElo "1868"]
[PlyCount "66"]
[EventDate "2026.01.02"]
[WhiteTeam "SC Schwarz-WeiÃŸ NÃ¼rnberg SÃ¼d e.V"]
[BlackTeam "SC Noris-Tarrasch NÃ¼rnberg 1873"]

1. e4 g6 2. d4 Bg7 3. Bc4 e6 4. Nc3 Ne7 5. Be3 d5 6. Be2 dxe4 7. Nxe4 Nf5 8.
Nf3 Nxe3 9. fxe3 Nd7 10. O-O O-O 11. c3 Nf6 12. Nxf6+ Bxf6 13. e4 Qe7 14. e5
Bg7 15. Qd2 c5 16. Qf4 Bd7 17. Nd2 cxd4 18. cxd4 f6 19. Qe3 fxe5 20. dxe5 Bc6
21. Bf3 Rf5 22. Bxc6 Rxe5 23. Be4 Rd8 24. Nf3 Rb5 25. Rad1 Rxb2 26. Rxd8+ Qxd8
27. Kh1 Qf6 28. Qxa7 Qf4 29. Qa8+ Bf8 30. Bxb7 Kg7 31. Qa7 Kh6 32. g3 Qc7 33.
Qe3+ Kg7 1-0